Datum a čas kvízu

29.5 Celkem bodů Celkový počet nahraných bodů na tomto kvízu bez doplňovacích otázek.
11. Pořadí na kvízu Konečné umístění týmu na tomto kvízu.

Zaznamenané odpovědi

# Otázka Odpověď Body Výsledky
1. Který český politik zveřejnil... Vít Rakušan 0
2. Maďarsko podepsalo s jednou ze... Číny 0
3. V sobotu večer se v pražském R... Simona Peková, Přišla v noci 0.5
4. Ve středu vstoupila na český t... Partners 0
5. Do kterého týmu minulý týden v... Vegas Golden Knights 0
6. Začneme prvním českým králem p... Přemysl Otakar II., 1278 0.5
7. Další „slavnou“ prohrou, která... stoletá válka 0
8. Za naši slavnou prohru lze ozn... D 1
9. Bitva na Bílé hoře zpečetila o... listopad 1620 0.5
10. Mnichovská dohoda je typickým... appeasement 1